[Event "Défi"]
[Site "www.echecsemail.com"]
[Date "2026.01.25"]
[Round "1"]
[White "Dameroi"]
[Black "Kawa750"]
[WhiteElo "1820"]
[BlackElo "1810"]
[Result "1-0"]
1.e4 c5
2.c3 e6
3.Ng1f3 Nb8c6
4.d3 d5
5.exd5 Qd8xd5
6.Bc1e3 Ng8f6
7.Bf1e2 Bf8e7
8.O-O O-O
9.Rf1e1 Nf6g4
10.Be3c1 Be7h4
11.Nf3xh4 f5
12.Be2f3 Qd5d6
13.Bf3xg4 fxg4
14.Qd1xg4 e5
15.Qg4g3 Bc8d7
16.Nh4f3 Ra8e8
17.Nb1d2 Qd6xd3
18.Re1e3 Qd3d6
19.Nd2e4 Qd6d5
20.Ne4d2 Bd7f5
21.Nf3h4 Bf5d7
22.Re3d3 Qd5e6
23.Nd2e4 Nc6e7
24.Rd3d6 Qe6f7
25.Rd6xd7  { temps }1-0

[Event "Défi"]
[Site "www.echecsemail.com"]
[Date "2026.01.25"]
[Round "1"]
[White "Khamis"]
[Black "Jpjay"]
[WhiteElo "1920"]
[BlackElo "1680"]
[Result "1-0"]
1.d4 e6
2.c4 Bf8b4
3.Nb1c3 Bb4xc3
4.bxc3 d5
5.cxd5 exd5
6.h3 Ng8f6
7.Bc1a3 b6
8.Ng1f3 Nb8d7
9.e3 c5
10.dxc5 Nd7xc5
11.Qd1d4 Nf6e4
12.Qd4xg7 Qd8f6
13.Qg7xf6 Ne4xf6
14.Bf1e2 Nf6d7
15.Be2b5 O-O
16.Bb5c6 Ra8b8
17.Bc6xd5 Nd7f6
18.Bd5c4 Nf6e4
19.Ra1c1 Nc5d3
20.Bc4xd3 Bc8f5
21.Bd3xe4 Bf5xe4
22.Ba3xf8 Kxf8
23.Ke2 Be4xf3
24.Kxf3 { abandon }1-0

[Event "Tournoi n27391"]
[Site "www.echecsemail.com"]
[Date "2026.01.25"]
[Round "1"]
[White "Mandrak"]
[Black "Tiounet"]
[WhiteElo "1570"]
[BlackElo "1610"]
[Result "1-0"]
1.e4 a6
2.e5 b5
3.g3 Bc8b7
4.f3 g6
5.d4 Bf8g7
6.Bc1e3 Ng8h6
7.Nb1c3 Nh6f5
8.Qd1d2 O-O
9.Bf1g2 Nf5xe3
10.Qd2xe3 e6
11.O-O-O Rf8e8
12.Nc3e4 d6
13.f4 Qd8e7
14.Ng1f3 dxe5
15.Nf3xe5 Nb8c6
16.Ne4c5 Bb7c8
17.Ne5xc6 Qe7d6
18.b4 Bc8b7
19.Nc5xb7 Qd6d7
20.Nb7c5 Qd7d6
21.Rh1e1 Qd6f8
22.c3 Bg7f6
23.Nc6e5 Qf8d6
24.Bg2xa8 Re8xa8
25.h3 Qd6e7
26.Qe3e4 Ra8d8
27.d5 exd5
28.Rd1xd5 Rd8xd5
29.Qe4xd5 Qe7d6
30.Re1d1 { abandon }1-0

[Event "Memorial Lara CIII"]
[Site "www.echecsemail.com"]
[Date "2026.01.25"]
[Round "1"]
[White "Emmanuel"]
[Black "Rvsinovitch"]
[WhiteElo "1940"]
[BlackElo "2030"]
[Result "0-1"]
1.b3 e5
2.Bc1b2 d6
3.e3 c5
4.Bf1b5 Nb8c6
5.Nb1c3 a6
6.Bb5xc6 bxc6
7.f4 Qd8f6
8.Nc3e4 Qf6f5
9.Ne4g3 Qf5e6
10.Qd1f3 Bc8b7
11.f5 Qe6d7
12.e4 Ng8f6
13.Ng1e2 Bf8e7
14.c4 Qd7c7
15.Qf3c3 O-O
16.O-O h5
17.Qc3f3 h4
18.Ng3h5 Nf6xh5
19.Qf3xh5 Qc7d8
20.Rf1f3 Be7g5
21.Bb2c3 f6
22.g3 hxg3
23.Rf3xg3 d5
24.d3 d4
25.Bc3b2 Bb7c8
26.Rg3h3 Bg5h6
27.Qh5g4 Kf7
28.Qg4g6 Ke7
29.Bb2a3 Kd6
30.b4 Bc8d7
31.bxc5 Kc7
32.Ne2g3 Bd7e8
33.Qg6g4 Kd7
34.Ra1b1 Qd8c7
35.Rb1b6 Be8f7
36.Ng3h5 Rf8g8
37.Kh1 a5
38.Qg4d1 Bh6e3
39.Qd1b1 Kc8
40.Qb1d1 Ra8b8
41.Rb6xb8 Qc7xb8
42.Nh5g3 Kc7
43.Ng3f1 Be3f4
44.Nf1d2 Rg8h8
45.Rh3xh8 Qb8xh8
46.Qd1e2 Bf7h5
47.Qe2g2 Bh5d1
48.Kg1 Bd1c2
49.Qg2e2 Bc2xd3
50.Qe2g2 Bf4e3
51.Kh1 Be3f4
52.Ba3c1 Qh8h6
53.h3 Bd3xe4
54.Nd2xe4 Bf4xc1
55.Ne4d6 Bc1g5
56.Nd6f7 Qh6h4
57.Nf7xg5 Qh4xg5
58.Qg2xg5 fxg5
59.Kg2 a4
60.a3 Kd7
61.Kf3 Ke7
{ abandon }0-1

[Event "Tournoi n27322"]
[Site "www.echecsemail.com"]
[Date "2026.01.25"]
[Round "1"]
[White "Boudon"]
[Black "Rvsinovitch"]
[WhiteElo "2230"]
[BlackElo "2020"]
[Result "1-0"]
1.d4 Ng8f6
2.c4 g6
3.Nb1c3 d5
4.cxd5 Nf6xd5
5.e4 Nd5b6
6.Ng1f3 Bf8g7
7.Bf1e2 O-O
8.O-O Nb8c6
9.Bc1e3 Bc8g4
10.d5 Bg4xf3
11.Be2xf3 Nc6e5
12.Bf3e2 Ne5c4
13.Be3c1 Qd8c8
14.Qd1b3 Nc4d6
15.Bc1e3 c6
16.Qb3b4 cxd5
17.Be3xb6 axb6
18.Nc3xd5 Qc8d8
19.Rf1d1 Nd6c8
20.Ra1c1 e6
21.Rc1xc8 Ra8xc8
22.Nd5e7 Kh8
23.Rd1xd8 Rc8xd8
24.g3 Rf8e8
25.h4 Bg7f8
26.Ne7xg6 hxg6
27.Qb4xb6 Rd8d2
28.Be2b5 Rd2xb2
29.a4 Re8c8
30.Qb6xb7 Rc8c2
31.Qb7xf7 Rc2xf2
32.Qf7xf2 Rb2xf2
33.Kxf2 Kg7
34.Kf3 e5
35.Ke3 g5
36.h5 Kf6
37.Kd3 g4
38.Kc4 Bf8h6
39.a5 Bh6e3
40.Kd5 Be3f2
41.a6 Kg5
42.Bb5e8 Kh6
43.Ke6 Kg5
44.Be8g6 Kh6
45.Kf5 Bf2d4
46.Kxg4 Bd4a7
47.Kf5 Ba7d4
48.g4 Kg7
49.g5 Kg8
50.Kf6 Kh8
51.Bg6f7 { abandon }1-0

[Event "Défi"]
[Site "www.echecsemail.com"]
[Date "2026.01.25"]
[Round "1"]
[White "Verson"]
[Black "Chomi64"]
[WhiteElo "1800"]
[BlackElo "1850"]
[Result "1-0"]
1.d4 e5
2.e3 e4
3.c4 d5
4.Nb1c3 c6
5.cxd5 cxd5
6.Bf1b5 Bc8d7
7.Qd1b3 Bd7xb5
8.Qb3xb5 Qd8d7
9.Qb5xd5 Ng8f6
10.Qd5xd7 Nb8xd7
11.Bc1d2 Ra8c8
12.Ng1e2 a6
13.O-O Bf8d6
14.Ne2g3 Bd6xg3
15.hxg3 O-O
16.Ra1c1 Nd7b6
17.b3 Rc8c7
18.Nc3e2 Rf8c8
19.Rc1xc7 Rc8xc7
20.Rf1c1 Rc7xc1
21.Bd2xc1 Nb6d5
22.a3 Kf8
23.b4 b5
24.Bc1b2 Ke7
25.Ne2c3 Nd5b6
26.f3 Nb6c4
27.Bb2c1 exf3
28.gxf3 Ke6
29.e4 h6
30.Kf2 Nf6d7
31.f4 f6
32.f5 Kd6
33.Kf3 Nd7b6
34.Kf4 h5
35.e5 fxe5
36.dxe5 Nc4xe5
37.Bc1e3 Nb6d5
38.Nc3xd5 Kxd5
39.Kg5 Ke4
40.Be3f4 Ne5d3
41.Bf4d6 Nd3e5
42.Kxh5 Kxf5
43.Bd6xe5 Kxe5
44.Kg6 Ke4
45.Kxg7 Kf3
46.Kf6 Kxg3
47.Ke5 Kf3
48.Kd5 Ke3
49.Kc5 Kd3
50.Kb6 Kc4
51.Kxa6 Kb3
52.Kxb5 Kxa3
53.Kc5 Ka4
54.b5 Ka5
55.Kc6 { abandon }1-0

[Event "Défi"]
[Site "www.echecsemail.com"]
[Date "2026.01.25"]
[Round "1"]
[White "Turbo"]
[Black "Chessmat"]
[WhiteElo "1340"]
[BlackElo "1299"]
[Result "0-1"]
1.e4 e5
2.Ng1f3 Nb8c6
3.Bf1c4 Bf8c5
4.a3 d6
5.b4 Bc5b6
6.a4 a6
7.a5 Bb6a7
8.d3 Bc8e6
9.Bc4xe6 fxe6
10.O-O Ng8f6
11.Bc1g5 O-O
12.c3 Qd8e8
13.d4 Nf6xe4
14.Qd1d3 Ne4xg5
15.Nb1d2 Ng5xf3
16.Nd2xf3 exd4
17.cxd4 Nc6xb4
18.Qd3e4 Nb4c6
19.h3 Qe8g6
20.Nf3h4 Qg6xe4
21.Nh4f3 Nc6xd4
22.Ra1e1 Qe4g6
23.Nf3h4 Qg6g5
24.Nh4f3 Nd4xf3
25.Kh1 Nf3xe1
{ abandon }0-1

[Event "Défi"]
[Site "www.echecsemail.com"]
[Date "2026.01.25"]
[Round "1"]
[White "Khamis"]
[Black "Verson"]
[WhiteElo "1920"]
[BlackElo "1820"]
[Result "1-0"]
1.d4 d5
2.c4 c6
3.cxd5 cxd5
4.Nb1c3 Ng8f6
5.h3 e6
6.Bc1g5 Nb8d7
7.Ng1f3 Bf8d6
8.e3 a6
9.Bf1d3 O-O
10.Qd1c2 e5
11.Nc3xd5 h6
12.Bg5h4 exd4
13.Nf3xd4 Bd6e7
14.Nd5xe7 Qd8xe7
15.O-O Qe7d6
16.Rf1d1 Rf8e8
17.Nd4f3 Qd6c6
18.Qc2xc6 bxc6
19.Ra1c1 Bc8b7
20.a3 Nf6d5
21.b4 Nd7f6
22.Nf3d4 Ra8c8
23.Bd3f5 Nf6e4
24.Bf5xc8 Re8xc8
25.Nd4f5 g5
26.Bh4g3 Kh7
27.Bg3h2 Kg6
28.Nf5d6 Ne4xd6
29.Bh2xd6 Rc8d8
30.Bd6c5 Rd8d7
31.Rc1c4 Nd5f6
32.Rc4d4 Rd7xd4
33.Rd1xd4 Nf6d5
34.Rd4d3 f5
35.g3 Kf6
36.f3 Ke6
37.e4 fxe4
38.fxe4 Nd5f6
39.e5 Kxe5
40.Rd3e3 Nf6e4
41.Kg2 Kd5
42.Re3d3 Ke5
43.Bc5d4 Kf5
44.g4 Kf4
45.Rd3f3 1-0

[Event "Tournoi n27377"]
[Site "www.echecsemail.com"]
[Date "2026.01.25"]
[Round "1"]
[White "Patbe"]
[Black "Mokanne"]
[WhiteElo "1570"]
[BlackElo "1430"]
[Result "0-1"]
1.e4 g6
2.e5 e6
3.d4 Bf8g7
4.Ng1f3 b6
5.Bc1g5 f6
6.exf6 Bg7xf6
7.Bg5xf6 Ng8xf6
8.Bf1c4 Bc8b7
9.Bc4e2 d5
10.Nf3e5 Nb8d7
11.Be2b5 a6
12.Bb5xd7 Nf6xd7
13.O-O Nd7xe5
14.dxe5 c5
15.Qd1g4 Kd7
16.Nb1d2 Qd8e7
17.Nd2f3 d4
18.Nf3g5 Rh8g8
19.c4 Ra8f8
20.Qg4h3 Qe7xg5
21.Qh3xh7 Kc8
22.Qh7h3 Kd7
23.f4 Qg5h5
24.Qh3g3 g5
25.Rf1f2 g4
26.Ra1f1 Rf8f5
27.h4 Rg8f8
28.a4 Bb7e4
29.Rf1e1 Be4c6
30.b3 Rf8b8
31.Re1e2 Rb8h8
32.Kf1 Qh5xh4
33.Qg3xh4 Rh8xh4
34.g3 Rh4h1
0-1

[Event "Eq:modesty-Les Gens du Sud :"]
[Site "www.echecsemail.com"]
[Date "2026.01.25"]
[Round "1"]
[White "Swallow"]
[Black "Fresiers"]
[WhiteElo "2060"]
[BlackElo "2210"]
[Result "0-1"]
1.e4 c6
2.d4 d5
3.e5 e6
4.Ng1f3 c5
5.Nb1c3 a6
6.Bf1e2 Nb8c6
7.O-O Ng8e7
8.dxc5 Ne7g6
9.Bc1e3 Nc6xe5
10.Nf3xe5 Ng6xe5
11.Be3d4 Ne5c6
12.f3 e5
13.Bd4f2 Bc8e6
14.a3 g6
15.Qd1d2 Bf8g7
16.Ra1d1 d4
17.Nc3e4 O-O
18.c3 Be6b3
19.Rd1c1 Qd8a5
20.cxd4 exd4
21.Qd2xa5 Nc6xa5
22.c6 Na5xc6
23.Ne4c5 Bb3d5
24.b4 Nc6e7
25.Be2d3 f5
26.Rf1d1 f4
27.Bd3c4 Bd5xc4
28.Rc1xc4 b5
29.Rc4c1 Ne7f5
30.Nc5e6 Rf8c8
31.Rc1c5 Rc8xc5
32.Ne6xc5 Nf5e3
33.Rd1d3 a5
34.bxa5 Ra8xa5
35.Bf2e1 Ra5a8
36.h4 Ne3c2
37.Be1f2 Ra8xa3
38.Rd3xa3 Nc2xa3
39.Kf1 d3
40.Nc5xd3 Na3c2
41.Nd3c1 b4
42.Nc1b3 Nc2a1
43.Nb3d2 b3
44.Ke2 Kf7
45.Kd1 b2
46.Nd2b1 Bg7f6
47.Kd2 Na1b3
48.Kd3 Nb3c1
49.Kd2 Kg7
50.Kc2 Nc1e2
51.Kd3 Ne2g3
52.Bf2d4 Bf6xd4
53.Kxd4 Kh6
54.Kc3 Kh5
55.Kxb2 Ng3f5
56.Nb1c3 Nf5xh4
{ abandon }0-1

[Event "Tournoi n27395"]
[Site "www.echecsemail.com"]
[Date "2026.01.25"]
[Round "1"]
[White "Mokanne"]
[Black "Patau"]
[WhiteElo "1420"]
[BlackElo "1700"]
[Result "1/2-1/2"]
1.e4 e5
2.g3 d5
3.Bf1g2 d4
4.d3 Bf8b4
5.Bc1d2 Bb4xd2
6.Nb1xd2 Ng8f6
7.h3 O-O
8.Bg2f3 Bc8e6
9.Ng1e2 c5
10.O-O Nb8c6
11.a3 Be6xh3
12.Bf3g2 Qd8d7
13.f3 Nf6h5
14.Rf1f2 Bh3xg2
15.Rf2xg2 f5
16.Rg2h2 Qd7f7
17.Qd1e1 fxe4
18.dxe4 Nc6e7
19.Qe1f2 Ne7g6
20.b3 Ra8c8
21.Rh2xh5 Rc8c6
22.Kg2 b5
23.Ra1h1 h6
24.g4 Ng6f4
25.Kg3 Nf4xh5
26.Rh1xh5 Rc6e6
27.Kg2 Re6g6
28.Qf2g3 Rg6g5
29.Rh5xg5 hxg5
30.Qg3xe5 c4
31.bxc4 bxc4
32.Ne2xd4 c3
33.Nd2b1 Qf7a2
34.Qe5d5 Qa2xd5
35.exd5 Rf8c8
36.Kf2 Kf7
37.Nd4e2 Kf6
38.Nb1xc3 Ke5
39.Ke3 Rc8b8
40.a4 Rb8b2
41.Nc3b5 a6
42.d6 Ke6
43.Ne2d4 Kd7
44.Nb5a3 Rb2b4
45.a5 Rb4a4
46.Na3b1 Ra4xa5
47.Nd4f5 g6
48.Nf5d4 Kxd6
49.c3 Kd5
50.Kd3 Ra5a1
51.Kc2 Ra1a2
52.Kd3 Ra2f2
53.Ke3 Rf2b2
54.Nb1d2 a5
55.Kd3 a4
56.Nd4c2 Rb2b8
57.Nc2b4 Kd6
58.Kc2 Rb8e8
59.Nb4a2 Kc5
60.Na2b4 Re8e3
61.Nb4a2 Kb5
62.Kd1 a3
63.Kc2 Ka4
64.Na2b4 Kb5
65.Nb4a2 Ka4
{ nul }1/2-1/2

[Event "Coupe Niveau 7"]
[Site "www.echecsemail.com"]
[Date "2026.01.25"]
[Round "1"]
[White "Orosco"]
[Black "Nicodemouscron"]
[WhiteElo "2200"]
[BlackElo "2120"]
[Result "1-0"]
1.e4 c5
2.Ng1f3 d6
3.d4 cxd4
4.Nf3xd4 Ng8f6
5.Nb1c3 a6
6.f4 b5
7.e5 dxe5
8.fxe5 Nf6d5
9.e6 fxe6
10.Qd1h5 g6
11.Qh5e5 Nd5f6
12.a4 Bf8g7
13.Nd4xe6 Bc8xe6
14.Qe5xe6 Qd8d7
15.Qe6xd7 Nb8xd7
16.axb5 a5
17.Bf1e2 Nd7b6
18.Be2f3 Ra8a7
19.Bc1e3 { abandon }1-0

[Event "Tournoi n27346"]
[Site "www.echecsemail.com"]
[Date "2026.01.25"]
[Round "1"]
[White "Blaireau64"]
[Black "Darkknight99"]
[WhiteElo "2020"]
[BlackElo "1980"]
[Result "1-0"]
1.e4 c5
2.Ng1f3 Nb8c6
3.Bf1b5 g6
4.Bb5xc6 bxc6
5.O-O Bf8g7
6.d3 d6
7.Nb1c3 Ng8f6
8.h3 O-O
9.e5 Nf6d5
10.Nc3xd5 cxd5
11.exd6 Qd8xd6
12.Rf1e1 e6
13.Bc1e3 Bg7xb2
14.d4 Bb2xa1
15.Qd1xa1 c4
16.Be3h6 Rf8e8
17.Qa1c1 Qd6e7
18.Qc1f4 Bc8d7
19.Bh6g5 Qe7f8
20.Nf3e5 Bd7a4
21.Ne5g4 h5
22.Ng4f6 Kh8
23.Bg5h6 Qf8e7
24.Qf4e5 { abandon }1-0

[Event "Défi( 10J+24H/c 10J Max )"]
[Site "www.echecsemail.com"]
[Date "2026.01.25"]
[Round "1"]
[White "Gimick"]
[Black "Patrick"]
[WhiteElo "1540"]
[BlackElo "1550"]
[Result "0-1"]
1.e4 e5
2.Bf1c4 Ng8f6
3.Ng1f3 d6
4.c3 Bc8g4
5.h3 Bg4h5
6.Qd1b3 b6
7.Nf3g5 Qd8d7
8.d4 b5
9.Bc4xb5 c6
10.Bb5a4 Bf8e7
11.d5 O-O
12.Bc1e3 Qd7c7
13.Nb1d2 h6
14.Ng5f3 cxd5
15.exd5 Qc7a5
16.Ba4c6 Bh5xf3
17.Nd2xf3 e4
18.Nf3d4 Nb8xc6
19.dxc6 Qa5h5
20.O-O d5
21.Ra1d1 Be7d6
22.Nd4f5 Qh5xf5
23.Qb3c2 Ra8c8
24.Be3xa7 Rc8xc6
25.Ba7e3 Qf5e5
26.g3 Nf6h5
27.f4 Qe5e6
28.Kg2 Rc6c4
29.b3 Rc4c7
30.g4 Nh5f6
31.g5 Nf6h5
32.b4 Rc7c4
33.a4 Bd6xb4
34.Be3d4 Qe6f5
35.gxh6 Qf5g6
36.Kf2 Qg6g3
37.Ke2 Qg3xh3
38.Kd2 Rf8e8
39.Rd1e1 gxh6
40.Re1e3 Qh3xf1
{ abandon }0-1

[Event "Tournoi n27347"]
[Site "www.echecsemail.com"]
[Date "2026.01.25"]
[Round "1"]
[White "Rvsinovitch"]
[Black "Verson"]
[WhiteElo "2020"]
[BlackElo "1830"]
[Result "1-0"]
1.e4 e6
2.d4 d5
3.Nb1d2 dxe4
4.Nd2xe4 Nb8d7
5.Ng1f3 Ng8f6
6.Ne4g3 Bf8d6
7.Bf1c4 O-O
8.Bc1e3 Nd7b6
9.Bc4b3 Nb6d5
10.Be3d2 b6
11.Nf3e5 Bc8b7
12.O-O c5
13.c3 Ra8c8
14.Bd2g5 h6
15.Bg5d2 Qd8c7
16.Rf1e1 cxd4
17.cxd4 Bd6xe5
18.dxe5 Nf6d7
19.Qd1h5 Qc7d8
20.Bd2xh6 f5
21.Qh5g6 Qd8e7
22.Ng3h5 Qe7f7
23.Qg6g5 Qf7e7
24.Bb3xd5 Qe7xg5
25.Bd5xe6 Kh7
26.Bh6xg5 Rc8c7
27.Ra1d1 Nd7c5
28.Be6d5 { abandon }1-0

[Event "Tournoi n27347"]
[Site "www.echecsemail.com"]
[Date "2026.01.25"]
[Round "1"]
[White "Verson"]
[Black "Degun"]
[WhiteElo "1830"]
[BlackElo "1970"]
[Result "0-1"]
1.d4 d5
2.Ng1f3 Ng8f6
3.e3 Bc8g4
4.h3 Bg4xf3
5.Qd1xf3 c6
6.Bf1d3 Nb8d7
7.O-O e5
8.dxe5 Nd7xe5
9.Qf3e2 Ne5xd3
10.cxd3 Bf8d6
11.Nb1c3 O-O
12.e4 dxe4
13.dxe4 Rf8e8
14.Bc1g5 h6
15.Bg5h4 Bd6e7
16.Ra1d1 Qd8c7
17.Bh4g3 Qc7c8
18.e5 Nf6d7
19.Rd1d3 Be7g5
20.f4 Bg5d8
21.Bg3f2 Nd7b6
22.Rf1d1 Qc8f5
23.Qe2e4 Qf5xe4
24.Nc3xe4 Nb6d5
25.g3 g5
26.Bf2e3 Nd5xe3
27.Rd3xe3 Bd8b6
28.Ne4f6 Kh8
29.Kf2 Bb6xe3
30.Kxe3 Ra8d8
31.Rd1xd8 Re8xd8
32.Nf6e4 gxf4
33.gxf4 Rd8d1
34.Ne4d6 Kg7
35.a3 b6
36.Nd6c8 Rd1d7
37.Nc8d6 f6
38.Nd6c4 fxe5
39.Nc4xe5 Rd7d6
40.b4 c5
41.bxc5 bxc5
42.Ne5c4 Rd6d4
43.h4 Kf6
44.Nc4d2 Kf5
45.Nd2b3 Rd4xf4
46.Nb3xc5 Rf4xh4
47.Nc5d3 Rh4h3
48.Kd2 Rh3xd3
49.Kxd3 Kf4
50.Ke2 Kg3
51.Kf1 Kf3
52.a4 a5
{ abandon }0-1

[Event "Coupe Niveau 2"]
[Site "www.echecsemail.com"]
[Date "2026.01.25"]
[Round "1"]
[White "Patau"]
[Black "Woluwe1975"]
[WhiteElo "1730"]
[BlackElo "1610"]
[Result "1-0"]
1.e4 e5
2.Ng1f3 d6
3.d4 exd4
4.Qd1xd4 Nb8d7
5.Bf1c4 h6
6.O-O Ng8f6
7.e5 dxe5
8.Nf3xe5 Nd7xe5
9.Qd4xe5 Bf8e7
10.Rf1e1 O-O
11.Qe5xe7 Qd8d6
12.Qe7xd6 cxd6
13.Bc1f4 d5
14.Bc4d3 Bc8e6
15.Nb1c3 a6
16.Bf4e5 Nf6d7
17.Re1e2 Ra8c8
18.Ra1e1 Nd7xe5
19.Re2xe5 Rf8d8
20.Bd3f5 d4
21.Bf5xe6 fxe6
22.Nc3a4 Rc8xc2
23.Re5xe6 Rd8d7
24.Re6e8 Kh7
25.f4 Kg6
26.Re8e6 Kf7
27.Na4b6 Rd7c7
28.Nb6d5 Rc7d7
29.Re6e7 Rd7xe7
30.Re1xe7 Kf8
31.Re7xb7 d3
32.Nd5e3 Rc2c1
33.Kf2 Rc1c6
34.Rb7d7 a5
35.Rd7xd3 Rc6b6
36.b3 Kf7
37.Ne3d5 Rb6d6
38.Ke3 Ke6
39.Ke4 g6
40.Nd5c7 Kd7
41.Rd3xd6 Kxd6
42.Nc7d5 Ke6
43.b4 { abandon }1-0

[Event "Tournoi n27395"]
[Site "www.echecsemail.com"]
[Date "2026.01.25"]
[Round "1"]
[White "Tiounet"]
[Black "Majula"]
[WhiteElo "1660"]
[BlackElo "1620"]
[Result "1-0"]
1.a3 e5
2.b4 d5
3.Bc1b2 Bf8d6
4.Ng1f3 f6
5.g3 Ng8e7
6.Bf1g2 e4
7.Nf3d4 a6
8.O-O b5
9.d3 O-O
10.Nb1d2 Nb8d7
11.Nd2b3 Nd7e5
12.dxe4 Bc8b7
13.exd5 Qd8d7
14.e4 g6
15.Nd4e6 f5
16.Nb3c5 Bd6xc5
17.Ne6xc5 Qd7c8
18.Nc5xb7 Qc8xb7
19.Bb2xe5 Ra8d8
20.Qd1d4 Rf8f7
21.Qd4c5 c6
22.dxc6 Ne7xc6
23.exf5 Rf7xf5
24.Rf1e1 Rd8c8
25.Qc5d6 Qb7b6
26.Qd6e6 Rf5f7
27.Qe6xc8 Nc6d8
28.Bg2d5 Qb6xf2
29.Kh1 h5
30.Qc8xd8 Kh7
31.Qd8h8 1-0

[Event "Tournoi n27390"]
[Site "www.echecsemail.com"]
[Date "2026.01.25"]
[Round "1"]
[White "Machja"]
[Black "Verson"]
[WhiteElo "1780"]
[BlackElo "1870"]
[Result "0-1"]
1.d4 d5
2.c4 c6
3.Nb1c3 Ng8f6
4.Ng1f3 Bc8f5
5.Bc1g5 e6
6.e3 Bf8d6
7.Nf3e5 h6
8.Bg5h4 Nb8d7
9.Bf1e2 Nd7xe5
10.dxe5 Bd6xe5
11.Qd1b3 Ra8b8
12.O-O O-O
13.a4 Qd8c7
14.cxd5 exd5
15.Ra1d1 Be5xh2
16.Kh1 Bh2e5
17.f4 Be5xc3
18.bxc3 Nf6e4
19.c4 Bf5e6
20.Rd1d4 Ne4d6
21.Rf1c1 dxc4
22.Be2xc4 Nd6xc4
23.Qb3b4 Nc4xe3
24.Bh4e7 Rf8e8
25.Be7d6 Qc7c8
26.Bd6xb8 Qc8xb8
27.Qb4e1 Ne3d5
28.Rd4e4 Be6d7
29.Re4xe8 Qb8xe8
30.Qe1xe8 Bd7xe8
31.Rc1e1 Be8d7
32.g3 c5
33.Re1d1 Bd7c6
34.a5 Nd5e3
35.Kh2 Ne3xd1
{ abandon }0-1

[Event "Tournoi n27390"]
[Site "www.echecsemail.com"]
[Date "2026.01.25"]
[Round "1"]
[White "Tartu"]
[Black "Machja"]
[WhiteElo "1720"]
[BlackElo "1780"]
[Result "1-0"]
1.d4 d5
2.c4 c6
3.Nb1c3 Ng8f6
4.Ng1f3 a5
5.cxd5 Nf6xd5
6.e4 Nd5f6
7.a4 Bc8g4
8.Bc1e3 e6
9.Bf1e2 Bf8b4
10.O-O O-O
11.Nf3e5 Bg4xe2
12.Qd1xe2 Nb8d7
13.Ne5xd7 Qd8xd7
14.Rf1d1 Nf6g4
15.Be3f4 Ra8d8
16.Qe2xg4 b5
17.axb5 cxb5
18.h3 Qd7e8
19.Bf4c7 Rd8c8
20.Bc7g3 f5
21.exf5 exf5
22.Qg4f3 Qe8e7
23.Nc3d5 Qe7e4
24.Qf3xe4 fxe4
25.Nd5xb4 axb4
26.Bg3d6 Rf8f7
27.Bd6xb4 h6
28.Bb4c5 Rc8c6
29.b4 Rc6f6
30.Ra1a2 h5
31.d5 h4
32.d6 Rf7d7
33.Ra2a5 Kf7
34.Ra5xb5 Rf6e6
35.Rb5a5 Re6e8
36.b5 Ke6
37.Ra5a4 Re8c8
38.Ra4xe4 Kf7
39.Bc5b4 Rd7d8
40.d7 Rc8c7
41.Re4d4 Rc7a7
42.b6 Ra7b7
43.Bb4c5 Rb7b8
44.Rd4xh4 { abandon }1-0

[Event "Tournoi n27389"]
[Site "www.echecsemail.com"]
[Date "2026.01.25"]
[Round "1"]
[White "Legrillon"]
[Black "Tiounet"]
[WhiteElo "1750"]
[BlackElo "1660"]
[Result "0-1"]
1.e4 a6
2.d4 b5
3.c4 bxc4
4.Bf1xc4 e6
5.Nb1c3 Ng8f6
6.Ng1f3 g6
7.e5 Nf6h5
8.Bc1e3 Bf8g7
9.g4 Nh5f6
10.exf6 Bg7xf6
11.Qd1d2 O-O
12.g5 Bf6h8
13.Bc4f1 Bc8b7
14.Bf1g2 Nb8c6
15.O-O Nc6e7
16.Nf3h4 Bb7xg2
17.Nh4xg2 d5
18.h3 Ne7f5
19.Ra1e1 Nf5xe3
20.Re1xe3 Qd8b8
21.Rf1d1 Qb8b6
22.a4 Ra8b8
23.Rd1b1 Qb6xd4
24.Qd2xd4 Bh8xd4
25.Re3d3 Bd4h8
26.a5 Rb8b7
27.Ng2f4 Rf8b8
28.Nc3d1 Rb7b4
29.Nf4e2 Rb8b5
30.b3 Rb5xa5
31.Ne2c1 c5
32.f4 c4
33.Rd3c3 Bh8xc3
34.Nd1xc3 Ra5a3
35.Nc3d1 a5
36.Nd1e3 cxb3
37.Nc1d3 Rb4d4
38.Nd3b2 a4
39.Kg2 Ra3a2
40.Ne3d1 a3
41.Kf3 axb2
42.Nd1xb2 Rd4d2
43.Nb2d1 b2
44.Ke3 Rd2xd1
45.Rb1xd1 Ra2a1
{ abandon }0-1

[Event "Tournoi n27390"]
[Site "www.echecsemail.com"]
[Date "2026.01.25"]
[Round "1"]
[White "Verson"]
[Black "Bonamur"]
[WhiteElo "1880"]
[BlackElo "1770"]
[Result "0-1"]
1.d4 Ng8f6
2.Ng1f3 e6
3.e3 d5
4.Bf1d3 c5
5.c3 Nb8c6
6.Nb1d2 b6
7.O-O Bf8e7
8.e4 dxe4
9.Nd2xe4 cxd4
10.cxd4 Nf6d5
11.Bd3b5 Bc8b7
12.Nf3e5 Ra8c8
13.Qd1a4 Qd8c7
14.Bc1e3 a6
15.Ne5xc6 axb5
16.Qa4xb5 Bb7xc6
17.Qb5b3 O-O
18.Ra1c1 Qc7b7
19.f3 Nd5xe3
20.Qb3xe3 Bc6d5
21.b3 Rc8xc1
22.Rf1xc1 Rf8c8
23.Kf2 e5
24.Rc1xc8 Qb7xc8
25.dxe5 Qc8c6
26.g3 Bd5xe4
27.fxe4 Be7c5
{ abandon }0-1

[Event "Transval 3"]
[Site "www.echecsemail.com"]
[Date "2026.01.25"]
[Round "1"]
[White "4x4"]
[Black "Sam"]
[WhiteElo "1450"]
[BlackElo "1670"]
[Result "1-0"]
1.e4 e5
2.f4 exf4
3.Ng1f3 Bf8e7
4.d3 Be7h4
5.Nf3xh4 Qd8xh4
6.Kd2 Nb8c6
7.Nb1c3 Ng8f6
8.b3 Qh4f2
9.Bf1e2 Qf2e3
10.Ke1 Nc6d4
11.Bc1xe3 fxe3
12.Qd1c1 O-O
13.Qc1b2 d6
14.Nc3d1 c5
15.Nd1xe3 Bc8e6
16.Kd2 d5
17.Ra1e1 b5
18.c3 Nd4c6
19.exd5 Nf6xd5
20.Ne3xd5 Be6xd5
21.Rh1g1 Rf8e8
22.c4 bxc4
23.bxc4 Bd5e6
24.g4 Nc6d4
25.Rg1g3 Ra8b8
26.Qb2c3 Be6d7
27.Rg3e3 Re8xe3
28.Kxe3 Rb8e8
29.Kf2 Nd4xe2
30.Re1xe2 Re8xe2
31.Kxe2 Bd7xg4
32.Ke3 h5
33.Qc3e5 { abandon }1-0

[Event "Coupe Niveau 2"]
[Site "www.echecsemail.com"]
[Date "2026.01.25"]
[Round "1"]
[White "Woluwe1975"]
[Black "Tartu"]
[WhiteElo "1620"]
[BlackElo "1720"]
[Result "0-1"]
1.e4 c5
2.c3 Nb8c6
3.d4 cxd4
4.cxd4 e6
5.Nb1c3 d5
6.e5 Bc8d7
7.f4 Bf8b4
8.Ng1f3 f6
9.Bf1d3 f5
10.Bc1e3 Ng8e7
11.O-O Bb4xc3
12.bxc3 a6
13.a4 O-O
14.Qd1e2 Ra8b8
15.Kf2 Ne7g6
16.Rf1b1 Ng6h4
17.g3 Nh4g6
18.h4 h6
19.Rb1h1 Qd8a5
20.Be3d2 Qa5d8
21.h5 Ng6h8
22.Nf3h4 Nc6e7
23.a5 Qd8e8
24.Ra1b1 Ne7c6
25.Rb1a1 Qe8d8
26.Rh1b1 Nc6xa5
27.Rb1b4 Na5c6
28.Rb4b2 Bd7e8
29.Ra1h1 b5
30.g4 fxg4
31.Qe2xg4 Nc6e7
32.Rh1g1 Rf8f7
33.Qg4xe6 Rb8b6
34.Qe6g4 g6
35.Bd2e3 Rf7g7
36.hxg6 Ne7xg6
37.Nh4xg6 Nh8xg6
38.Qg4d1 Qd8h4
39.Ke2 Ng6xf4
40.Kd2 Nf4xd3
41.Kxd3 Rg7xg1
42.Qd1xg1 Rb6g6
43.Rb2g2 Qh4e4
44.Kd2 Qe4xg2
45.Qg1xg2 Rg6xg2
46.Kd1 Be8h5
47.Kc1 Kg7
48.Be3d2 Kf7
49.Kc2 Bh5g6
50.Kc1 h5
51.Kd1 h4
{ abandon }0-1

[Event "Tournoi n27402"]
[Site "www.echecsemail.com"]
[Date "2026.01.25"]
[Round "1"]
[White "Verson"]
[Black "Tartu"]
[WhiteElo "1860"]
[BlackElo "1730"]
[Result "1/2-1/2"]
1.d4 Ng8f6
2.Ng1f3 d5
3.e3 e6
4.Bf1d3 c5
5.c3 Nb8c6
6.Nb1d2 cxd4
7.exd4 Bf8e7
8.O-O O-O
9.Rf1e1 Rf8e8
10.Nd2f1 h6
11.Bc1f4 Nf6h5
12.Bf4g3 Nh5xg3
13.hxg3 Be7f6
14.Nf3e5 Bc8d7
15.Qd1f3 Nc6xe5
16.dxe5 Bf6g5
17.Nf1e3 Ra8c8
18.Ne3c2 Bd7c6
19.Nc2d4 Bc6d7
20.Bd3c2 Re8e7
21.Qf3d3 g6
22.Qd3f3 Re7e8
23.Re1e2 a6
24.Ra1d1 Bd7c6
25.Nd4xc6 bxc6
26.Qf3d3 c5
27.f4 c4
28.Qd3f3 Bg5e7
29.Kh2 Kg7
30.g4 Be7c5
31.Qf3h3 Re8h8
32.Qh3g3 Bc5e7
33.f5 Be7h4
34.f6 Bh4xf6
35.exf6 Qd8xf6
36.Qg3e5 Qf6xe5
37.Re2xe5 Rc8b8
38.b3 cxb3
39.Bc2xb3 Rh8c8
40.Rd1c1 g5
41.c4 dxc4
42.Rc1xc4 Rc8d8
43.Rc4c7 Kf6
44.Re5c5 Rd8d2
45.Rc5c2 Rd2d4
46.Rc2f2 Ke5
47.Rc7xf7 Rd4xg4
48.Rf2e2 Kd4
49.Re2xe6 Rg4h4
50.Kg3 Rb8c8
51.Rf7d7 Kc3
52.Re6e3 Kb2
53.Re3e2 Ka3
54.Rd7a7 Rc8c3
55.Kf2 Rh4f4
56.Ke1 Rf4f6
57.Re2e4 Kb2
58.Ke2 Rc3g3
59.Bb3c4 Rg3xg2
60.Ke3 Rg2g3
61.Kd4 g4
62.Ra7xa6 Rf6xa6
63.Bc4xa6 Kxa2
64.Ba6c8 h5
65.Ke5 { nul }1/2-1/2

[Event "Eq:Royal Kids-Les Gens du Sud :"]
[Site "www.echecsemail.com"]
[Date "2026.01.25"]
[Round "1"]
[White "Emmanuel69"]
[Black "Tartu"]
[WhiteElo "1800"]
[BlackElo "1720"]
[Result "1-0"]
1.c4 e5
2.a3 Ng8f6
3.Nb1c3 Nb8c6
4.d3 Bf8e7
5.g3 O-O
6.Bf1g2 b6
7.Ng1f3 Bc8b7
8.O-O h6
9.Rf1e1 d6
10.Nf3d2 Ra8b8
11.Nc3e4 Nf6xe4
12.Nd2xe4 f5
13.Ne4c3 Nc6d4
14.Nc3d5 Bb7xd5
15.Bg2xd5 Kh8
16.e3 c6
17.Bd5g2 Nd4e6
18.Bg2xc6 Rb8c8
19.Bc6g2 Be7g5
20.b3 f4
21.exf4 Bg5f6
22.Bc1b2 a6
23.fxe5 dxe5
24.Bb2xe5 Bf6xe5
25.Re1xe5 Ne6c5
26.d4 Nc5d7
27.Re5e2 b5
28.c5 Nd7f6
29.Bg2b7 Rc8c7
30.Bb7xa6 Nf6d5
31.Qd1d3 b4
32.a4 Nd5c3
33.Re2e1 Rf8e8
34.Ba6c4 Rc7e7
35.Kf1 Re7xe1
36.Ra1xe1 Re8xe1
37.Kxe1 Qd8e7
38.Qd3e3 Qe7f6
39.Qe3e8 Kh7
40.Bc4d3 g6
41.Qe8d7 Kg8
42.Bd3c4 Kh8
43.Qd7e6 Qf6xe6
44.Bc4xe6 Kg7
45.c6 Nc3b5
46.axb5 { abandon }1-0